[Event "Landesliga Nord 9900"]
[Site "Bayern"]
[Date "2000.02.20"]
[Round "6.4"]
[White "Schaeffner, Claus"]
[Black "Stiller, Juergen"]
[Result "0-1"]
[WhiteElo "2175"]
[BlackElo "2145"]
[PlyCount "133"]
[EventDate "1999.10.10"]
[EventType "team-tourn"]
[EventRounds "9"]
[EventCountry "GER"]
[SourceTitle "EXT 2020"]
[Source "ChessBase"]
[SourceDate "2019.10.17"]
[SourceVersion "1"]
[SourceVersionDate "2019.10.17"]
[SourceQuality "1"]
[WhiteTeam "Forchheim II"]
[BlackTeam "Nuernberg Sued SW"]
[WhiteTeamCountry "GER"]
[BlackTeamCountry "GER"]

1. d4 Nf6 2. c4 g6 3. Nc3 Bg7 4. e4 d6 5. Be2 0-0 6. Nf3 e5 7. 0-0 exd4 8. Nxd4 Re8 9. f3 c6 10. Kh1 Nbd7 11. Nc2 Nb6 12. Bg5 h6 13. Bh4 g5 14. Bf2 d5 15. c5 Nbd7 16. exd5 Nxd5 17. Nxd5 cxd5 18. Bb5 a6 19. Bxd7 Bxd7 20. Bd4 Bxd4 21. Qxd4 Qc7 22. Rfe1 b6 23. Qxd5 bxc5 24. Qd2 Be6 25. Qc3 Rac8 26. Ne3 Qf4 27. Rad1 Red8 28. Nf1 Rd4 29. Ng3 Rc4 30. Qa5 Ra4 31. Qb6 Rd4 32. Qxa6 Rcd8 33. Rxd4 cxd4 34. Qb6 Rd7 35. Nh5 Qf5 36. Qb8+ Kh7 37. Qb4 Qg6 38. Ng3 d3 39. Ne4 Bf5 40. Nd2 Qc6 41. h3 Bg6 42. Kh2 Rb7 43. Qd4 Qb6 44. Qxb6 Rxb6 45. b3 Kg7 46. Kg3 Rc6 47. Nc4 Bf5 48. Rd1 Be6 49. Ne5 Rc2 50. Nxd3 Rxa2 51. Nc5 Bf5 52. Rd6 Rb2 53. Rb6 h5 54. f4 Rc2 55. Na4 f6 56. fxg5 fxg5 57. Kf3 h4 58. Rb5 Kf6 59. Rc5 Rd2 60. Nc3 Rb2 61. b4 Bg6 62. b5 Bh5+ 63. Ke4 Rxg2 64. Rc6+ Kf7 65. b6 Rg3 66. Kf5 Bf3 67. Rc7+ 0-1

[Event "BL2-Ost 9798"]
[Site "Germany"]
[Date "1998.??.??"]
[Round "9.7"]
[White "Kaeppel, Roland"]
[Black "Schaeffner, Claus"]
[Result "1/2-1/2"]
[WhiteElo "2140"]
[BlackElo "2200"]
[PlyCount "81"]
[EventDate "1997.10.??"]
[EventType "team-tourn"]
[EventRounds "9"]
[EventCountry "GER"]
[SourceTitle "EXT 1999"]
[Source "ChessBase"]
[SourceDate "1998.11.16"]
[SourceVersion "1"]
[SourceVersionDate "1998.11.16"]
[SourceQuality "1"]
[WhiteTeam "Nuernberg"]
[BlackTeam "Forchheim"]
[WhiteTeamCountry "GER"]
[BlackTeamCountry "GER"]

1. d4 d5 2. Nf3 c6 3. c4 Nf6 4. Qc2 e6 5. Bg5 h6 6. Bh4 Nbd7 7. e3 Be7 8. Nc3 0-0 9. Rd1 b6 10. Be2 Bb7 11. 0-0 dxc4 12. Bxc4 Nd5 13. Bg3 Nb4 14. Qe2 b5 15. Bb3 a5 16. a3 a4 17. Bxe6 fxe6 18. axb4 Bxb4 19. Ne4 Qe7 20. Nh4 Rfd8 21. Ng6 Qf7 22. Qg4 Nb6 23. Bh4 Rd5 24. Ne5 Qf5 25. Nf6+ Kf8 26. Qxf5 exf5 27. Nxd5 cxd5 28. Bg3 Ke7 29. Rc1 Nc4 30. f3 Bd2 31. Rc2 Bxe3+ 32. Bf2 Bg5 33. Re1 Kf8 34. h4 Bd8 35. Nd7+ Kf7 36. Nc5 Bc8 37. Rce2 Bf6 38. h5 b4 39. Bg3 Bxd4+ 40. Bf2 Bf6 41. b3 1/2-1/2

[Event "BL2-Ost 9798"]
[Site "Germany"]
[Date "1998.??.??"]
[Round "4.7"]
[White "Schaeffner, Claus"]
[Black "Del Rio, Roland"]
[Result "1/2-1/2"]
[WhiteElo "2200"]
[BlackElo "2245"]
[PlyCount "135"]
[EventDate "1997.10.??"]
[EventType "team-tourn"]
[EventRounds "9"]
[EventCountry "GER"]
[SourceTitle "EXT 1999"]
[Source "ChessBase"]
[SourceDate "1998.11.16"]
[SourceVersion "1"]
[SourceVersionDate "1998.11.16"]
[SourceQuality "1"]
[WhiteTeam "Forchheim"]
[BlackTeam "Schoeneck"]
[WhiteTeamCountry "GER"]
[BlackTeamCountry "GER"]

1. d4 Nf6 2. c4 e6 3. Nc3 d5 4. Nf3 Be7 5. Bg5 0-0 6. e3 a6 7. Rc1 Nbd7 8. Be2 dxc4 9. Bxc4 b5 10. Bd3 c5 11. 0-0 Bb7 12. Qe2 cxd4 13. exd4 Nb6 14. Rfd1 Rc8 15. h4 Qd6 16. a3 Rc7 17. Ne5 Rfc8 18. Rc2 Nbd5 19. Ne4 Nxe4 20. Bxe4 Rxc2 21. Bxh7+ Kf8 22. Bxc2 Bxg5 23. hxg5 Nf4 24. Qg4 Qd5 25. Bb1 Nxg2 26. f3 Ne3 27. Qf4 Nf5 28. Bxf5 exf5 29. Qxf5 Qe6 30. Qxe6 fxe6 31. Rd2 Ke7 32. Kf2 Rc1 33. Nd3 Rh1 34. Ne5 Rc1 35. Ke3 Bd5 36. Kf4 a5 37. Ke3 b4 38. axb4 axb4 39. Nd3 Rc4 40. Ne5 Rc1 41. Nd3 Rc4 42. Nf4 Kd6 43. Rh2 b3 44. Nd3 Rc7 45. f4 Bc4 46. Nc5 Ra7 47. Ne4+ Kc6 48. Rh8 Bd5 49. Nc3 Ra1 50. Re8 Kd6 51. Rb8 Re1+ 52. Kf2 Rc1 53. Rb6+ Kd7 54. Nxd5 exd5 55. Rxb3 Ke6 56. Rb7 Kf5 57. Rxg7 Kxf4 58. g6 Rc2+ 59. Kf1 Kg5 60. Rd7 Kxg6 61. b4 Kf5 62. Rxd5+ Ke4 63. Rd8 Rb2 64. d5 Ke5 65. d6 Rxb4 66. d7 Kd6 67. Re8 Kxd7 68. Re2 1/2-1/2

[Event "Regionalliga NO 9899"]
[Site "Bayern"]
[Date "1998.??.??"]
[Round "1.1"]
[White "Schaeffner, Claus"]
[Black "Fink, Martin"]
[Result "1-0"]
[WhiteElo "2125"]
[BlackElo "1890"]
[PlyCount "73"]
[EventDate "1998.??.??"]
[EventType "team-tourn"]
[EventRounds "9"]
[EventCountry "GER"]
[SourceTitle "EXT 2020"]
[Source "ChessBase"]
[SourceDate "2019.10.17"]
[SourceVersion "1"]
[SourceVersionDate "2019.10.17"]
[SourceQuality "1"]
[WhiteTeam "Forchheim II"]
[BlackTeam "Gunzenhausen"]
[WhiteTeamCountry "GER"]
[BlackTeamCountry "GER"]

1. d4 d5 2. c4 e6 3. Nc3 Nf6 4. Bg5 Be7 5. e3 c6 6. Qc2 Na6 7. a3 Nc7 8. Nf3 dxc4 9. Bxc4 b6 10. Ne5 Bb7 11. Rd1 Ncd5 12. Bd3 h6 13. Bh4 0-0 14. 0-0 Rc8 15. Qe2 Nxc3 16. bxc3 Nd5 17. Bxe7 Qxe7 18. Qb2 c5 19. c4 Nf6 20. Rfe1 Rfd8 21. a4 Ne8 22. a5 cxd4 23. exd4 Qg5 24. Bf1 Rb8 25. axb6 axb6 26. Re3 Nd6 27. Rg3 Qf4 28. d5 Nf5 29. Rg4 Qxg4 30. Nxg4 exd5 31. Qxb6 d4 32. Qc7 Re8 33. Ne5 Be4 34. Qxf7+ Kh8 35. f4 Re7 36. Ng6+ Kh7 37. Nxe7 1-0